Statistics for Longest Rivers of Europe

Click here to take the quiz!

General Stats

  • This quiz has been taken 306 times
    (295 since last reset)
  • The average score is 18 of 73

Answer Stats

LengthMajor CitiesAnswer% Correct
2860kmBudapest, ViennaDanube
97%
1236kmBasel, CologneRhine
85%
776kmParis, RouenSeine
74%
813kmGeneva, LyonRhône
70%
682kmCremona, TurinPo
69%
1013kmNantes, OrléansLoire
66%
1051kmDresden, HamburgElbe
64%
1047kmKraków, WarsawVistula
57%
406kmPerugia, RomeTiber
55%
1362kmTiraspol, BenderDniester
50%
527kmFrankfurt, WürzburgMain
50%
845kmSzczecin, WroclawOder
48%
1007kmLisbon, ToledoTagus
48%
910kmLogroño, ZaragozaEbro
46%
602kmBordeaux, ToulouseGaronne
44%
517kmInnsbruck, PassauInn
37%
897kmPorto, ValladolidDouro
36%
990kmBelgrade, ZagrebSava
34%
2145kmKiev, MogilevDniepr
32%
400kmBerlin, FürstenwaldeSpree
31%
950kmMaastricht, LiègeMeuse
30%
545kmMetz, TrierMoselle
30%
710kmMaribor, VillachDrava
26%
430kmČeské Budějovice, PragueVltava
26%
751kmBremen, MindenWeser
26%
1020kmRiga, DaugavpilsDaugava
25%
657kmCórdoba, SevilleGuadalquivir
24%
514kmParis, Saint-DizierMarne
21%
772kmBrest (BL), WyszkowBug
20%
937kmKaunas, GrodnoNeman
20%
965kmSzeged, SzolnokTisza
20%
480kmGraz, TamswegMur
19%
413kmHalle, JenaSaale
19%
473kmLyon, MâconSaône
19%
410kmTrento, VeronaAdige
17%
482kmBergerac, LibourneDordogne
17%
742kmBadajoz, MéridaGuadiana
17%
953kmChernivtsi, IaşiPrut
17%
481kmCahors, MendeLot
16%
761kmChernobyl, MazyrPrypiat
16%
621kmAskim, FredrikstadGlomma
15%
550kmKemijärvi, RovaniemiKemijoki
15%
789kmArad, Târgu MureşMureș
15%
490kmBijeljina, LoznicaDrina
14%
522kmHaparanda, PelloTorne
14%
808kmCzęstochowa, PoznańWarta
14%
520kmBörlangen, MoraDal
13%
461kmBoden, LuleåLule
13%
467kmLycksele, UmeåUme
13%
509kmAlzira, CuencaJúcar
12%
480kmEdirne, PlovdivMaritsa
12%
400kmÄlvsbyn, PiteåPite
12%
720kmGothenburg, KarlstadGotä
11%
615kmRâmnicu Vâlcea, SlatinaOlt
11%
453kmSorsele, VindelnVindel
11%
493kmKraljevo, SmederevoMorava
10%
440kmMedle, SkellefteaSkellefte
10%
415kmAmphipolis, PernikStruma
10%
460kmMorjärv, ÖverkalixKalix
9%
484kmBiałystok, OstrolekaNarew
9%
453kmBesançon, MontbéliardDoubs
8%
417kmSlobozia, TârgovișteIalomița
8%
430kmÖstersund, SundsvallIndal
8%
647kmBacău, GalatiSiret
7%
421kmClermont-Ferrand, VichyAllier
6%
510kmKernavė, VilniusNeris
6%
406kmTrenčín, ŽilinaVáh
6%
561kmBabruysk, BarysawBerezina
5%
463kmKramfors, SollefteåÅngerman
4%
440kmBollnäs, LjusdalLjusnan
4%
648kmGomel,VietkaSozh
4%
460kmSigulda, ValmieraGauja
2%
415kmCluj-Napoca, Satu MareSomeș
2%

Score Distribution

Percentile by Number Answered

Percent of People with Each Score

Your Score History

You have not taken this quiz since the last reset